000 00709nam a2200289Ia 4500
005 20260324141314.0
008 008 260324s9999 xx 000 0 eng d
020 _a9780429246616
037 _aEBOOK
040 _aCRL
040 _beng
040 _cCRL
041 _2eng
041 _aeng
084 _qCRL
100 _aDonald D Heaton
_91207700
245 2 _aA Produce Reference Guide to Fruits and Vegetables from Around the World
245 0 _bNature's Harvest
260 _bTaylor and Francis
260 _c1997
365 _a
365 _b195
856 _uhttp://www.taylorfrancis.com/books/9780429246616
942 _cEBOOK
999 _c1810644
_d1810644